| 000 | 00596nam a2200229 4500 | ||
|---|---|---|---|
| 003 | OSt | ||
| 005 | 20260530115258.0 | ||
| 008 | 260422b1998 sp a|||| |||| 00| 0 spa d | ||
| 020 | _a8425217806 | ||
| 040 |
_aICI _bspa _cICI |
||
| 041 | _aspa | ||
| 050 | 4 |
_aNK1510 _bZ55 |
|
| 100 | 1 |
_aZimmermann, Yves, _eautor _930779 |
|
| 245 | 1 | 0 |
_aDel diseño / _cYves Zimmermann |
| 264 | 1 |
_aBarcelona : _bGustavo Gili, _cc1998 |
|
| 300 | _a169 páginas | ||
| 336 |
_atexto _2rdacontent |
||
| 337 |
_asin medio _2rdamedia |
||
| 338 |
_avolumen _2rdacarrier |
||
| 650 | 4 |
_aDiseño _92672 |
|
| 942 |
_2lcc _cBK _n1 |
||
| 999 |
_c12705 _d12705 |
||